All Teams Ever Played for by Álvaro Negredo - Statistics

General Stats
  • This quiz has been taken 51 times
  • The average score is 5 of 11
Answer Stats
Answer % Correct
Manchester City
86%
Valencia
84%
Sevilla
75%
Real Madrid
64%
Cádiz
45%
Spain
43%
Middlesbrough
30%
Rayo Vallecano
27%
Beşiktaş
25%
Almeria
23%
Al-Nasr
9%
No matching quizzes found
Score Distribution
Percent of People with Each Score
Percentile by Number Answered
Your Score History
You have not taken this quiz